000
00288nam a22001337a 4500
008
181006b xxu||||| |||| 00| 0 eng d
020
_a
707937
041
_a
eng
080
_a
610.73
100
_a
2
101
_a
INF
245
_a
Child Health Nursing
_c
Pillitteri, A
942
_2
udc
_c
BK
999
_c
48959
_d
48959